Về văn hóa văn nghệ : Kỷ niệm 100 năm ngày sinh Đồng chí Trường Chinh

Nội dung tài liệu tập hợp các bài viết mà ông đã thực hiện trong suốt thời gian ông hoạt động bao gồm thơ, di cảo, truyện ngắn...

Đã lưu trong:
書目詳細資料
主要作者: Trường Chinh
格式: 圖書
語言:Undetermined
出版: Hà Nội Giáo Dục 2006
主題:
標簽: 添加標簽
沒有標簽, 成為第一個標記此記錄!
Thư viện lưu trữ: Trung tâm Học liệu Trường Đại học Cần Thơ
LEADER 00841nam a2200217Ia 4500
001 CTU_125121
008 210402s9999 xx 000 0 und d
082 |a 895.922092 
082 |b Tr561 
100 |a Trường Chinh 
245 0 |a Về văn hóa văn nghệ : 
245 0 |b Kỷ niệm 100 năm ngày sinh Đồng chí Trường Chinh 
245 0 |c Trường Chinh 
260 |a Hà Nội 
260 |b Giáo Dục 
260 |c 2006 
520 |a Nội dung tài liệu tập hợp các bài viết mà ông đã thực hiện trong suốt thời gian ông hoạt động bao gồm thơ, di cảo, truyện ngắn... 
650 |a Vietnamese literature 
650 |x History and criticism 
904 |i M.Loan 
980 |a Trung tâm Học liệu Trường Đại học Cần Thơ